BSOP header

A grammar of the Phoenician language / (Record no. 43934)

MARC details
000 -LEADER
fixed length control field 00903cam a2200277Ia 4500
001 - CONTROL NUMBER
control field 513073
003 - CONTROL NUMBER IDENTIFIER
control field SIRSI
005 - DATE AND TIME OF LATEST TRANSACTION
control field 20181106105031.0
008 - FIXED-LENGTH DATA ELEMENTS--GENERAL INFORMATION
fixed length control field 721212s1936 ctu b 0 eng u
010 ## - LIBRARY OF CONGRESS CONTROL NUMBER
LC control number 36032612
035 ## - SYSTEM CONTROL NUMBER
System control number (Sirsi) o00513073
035 ## - SYSTEM CONTROL NUMBER
System control number (Sirsi) 01-AAI-9689
100 1# - MAIN ENTRY--PERSONAL NAME
Personal name Harris, Zellig S.
Fuller form of name (Zellig Sabbettai),
Dates associated with a name 1909-1992.
245 12 - TITLE STATEMENT
Title A grammar of the Phoenician language /
Statement of responsibility, etc Zellig S. Harris.
260 ## - PUBLICATION, DISTRIBUTION, ETC. (IMPRINT)
Place of publication, distribution, etc New Haven, Conn. :
Name of publisher, distributor, etc American Oriental society,
Date of publication, distribution, etc c1964.
300 ## - PHYSICAL DESCRIPTION
Extent xi, 172 p. ;
Dimensions 26 cm.
336 ## - CONTENT TYPE
Content Type Term text
337 ## - MEDIA TYPE
Media Type Term unmediated
338 ## - CARRIER TYPE
Carrier Type Term volume
490 1# - SERIES STATEMENT
Series statement American oriental series ;
Volume number/sequential designation v. 8.
500 ## - GENERAL NOTE
General note Issued also as thesis (PH.D.) University of Pennsylvania.
504 ## - BIBLIOGRAPHY, ETC. NOTE
Bibliography, etc Includes bibliographical references (p. 163-172).
650 #0 - SUBJECT ADDED ENTRY--TOPICAL TERM
Topical term or geographic name as entry element Phoenician language
General subdivision Grammar.
830 #0 - SERIES ADDED ENTRY--UNIFORM TITLE
Uniform title American oriental series ;
Volume number/sequential designation v. 8.
942 ## - ADDED ENTRY ELEMENTS (KOHA)
Source of classification or shelving scheme Library of Congress Classification
Item type Books
Holdings
Withdrawn status Lost status Source of classification or shelving scheme Damaged status Not for loan Home library Current library Shelving location Date acquired Source of acquisition Serial Enumeration / chronology Inventory number Total Checkouts Full call number Barcode Date last seen Price effective from Koha item type
    Library of Congress Classification     BSOP Library BSOP Library David Weisberg Collection 10/02/2018 Donated by Dr. David and Oprah Weisberg VIII 43460   PJ4175 H24 1964 00054460 10/02/2018 10/02/2018 Books
BSOP

Biblical Seminary of the Philippines
  All rights Reserved
  © 2024

CONTACT INFORMATION

Biblical Seminary of the Philippines,
  77-B Karuhatan Road, Valenzuela City,
  PHILIPPINES 1441
  Phone: +632 8292-6795 / 8292-6798
  Fax : +632 8292-6675
  Email: library@bsop.edu.ph